[Event "MONTCADA"]
[Site "?"]
[Date "2015.07.01"]
[Round "7.1"]
[White "Alonso Rosell, A."]
[Black "Stopa, J."]
[Result "1/2-1/2"]
[BlackElo "2540"]
[WhiteElo "2528"]
[LiveChessVersion "1.4.6"]

1. c4 {[%clk 1:30:57]} e6 {[%clk 1:30:53]} 2. g3 {[%clk 1:31:15]} d5
{[%clk 1:30:35]} 3. Nf3 {[%clk 1:31:30]} Nf6 {[%clk 1:30:24]} 4. Bg2
{[%clk 1:30:28]} Be7 {[%clk 1:30:47]} 5. O-O {[%clk 1:29:49]} O-O
{[%clk 1:31:12]} 6. b3 {[%clk 1:27:10]} c5 {[%clk 1:28:01]} 7. e3
{[%clk 1:25:41]} b6 {[%clk 1:26:32]} 8. Bb2 {[%clk 1:21:23]} Bb7 {[%clk 1:26:54]}
9. cxd5 {[%clk 1:19:12]} Nxd5 {[%clk 1:20:54]} 10. d4 {[%clk 1:16:04]} Nd7
{[%clk 1:18:34]} 11. Qe2 {[%clk 1:06:25]} Rc8 {[%clk 1:05:34]} 12. Rd1
{[%clk 0:58:38]} N5f6 {[%clk 0:59:43]} 13. Nc3 {[%clk 0:50:43]} cxd4
{[%clk 0:54:22]} 14. Nxd4 {[%clk 0:50:17]} Bxg2 {[%clk 0:53:59]} 15. Kxg2
{[%clk 0:50:44]} Rc5 {[%clk 0:51:51]} 16. Rac1 {[%clk 0:41:24]} Ne5
{[%clk 0:44:40]} 17. e4 {[%clk 0:29:06]} Qa8 {[%clk 0:41:01]} 18. f3
{[%clk 0:29:09]} Rfc8 {[%clk 0:36:55]} 19. Na4 {[%clk 0:16:07]} Rxc1
{[%clk 0:36:06]} 20. Rxc1 {[%clk 0:16:35]} Rxc1 {[%clk 0:35:58]} 21. Bxc1
{[%clk 0:17:03]} Qc8 {[%clk 0:34:09]} 22. Bb2 {[%clk 0:16:28]} Nfd7
{[%clk 0:30:53]} 23. f4 {[%clk 0:10:20]} Nc6 {[%clk 0:30:36]} 24. Qc4
{[%clk 0:09:22]} Ndb8 {[%clk 0:26:26]} 25. f5 {[%clk 0:07:49]} exf5
{[%clk 0:24:21]} 26. Nxf5 {[%clk 0:08:11]} Bf8 {[%clk 0:24:50]} 27. Nc3
{[%clk 0:00:39]} Qe6 {[%clk 0:22:18]} 28. Nd5 {[%clk 0:00:59]} Nd7
{[%clk 0:21:08]} 29. Bxg7 {[%clk 0:00:31]} Bxg7 {[%clk 0:14:27]} 30. Qxc6
{[%clk 0:00:59]} Qxe4+ {[%clk 0:14:39]} 31. Kg1 {[%clk 0:01:28]} Qe1+
{[%clk 0:12:58]} 32. Kg2 {[%clk 0:01:56]} Qe4+ {[%clk 0:13:00]} 33. Kg1
{[%clk 0:02:25]} Qe1+ {[%clk 0:13:05]} 34. Kg2 {[%clk 0:02:54]} Qe4+
{[%clk 0:13:28]} 35. Kg1 {[%clk 0:03:21]} 1/2-1/2

[Event "MONTCADA"]
[Site "?"]
[Date "2015.07.01"]
[Round "7.2"]
[White "Buscara, S."]
[Black "Del Rio De Angelis, S."]
[Result "*"]
[BlackElo "2498"]
[WhiteElo "2366"]
[LiveChessVersion "1.4.6"]

1. e4 {[%clk 1:30:44]} e6 {[%clk 1:26:14]} 2. d4 {[%clk 1:30:27]} c5
{[%clk 1:26:36]} 3. Nf3 {[%clk 1:29:34]} cxd4 {[%clk 1:26:57]} 4. Nxd4
{[%clk 1:29:45]} Nf6 {[%clk 1:27:20]} 5. Nc3 {[%clk 1:29:38]} d6 {[%clk 1:27:43]}
6. g3 {[%clk 1:28:01]} Be7 {[%clk 1:24:42]} 7. Bg2 {[%clk 1:28:21]} O-O
{[%clk 1:25:05]} 8. O-O {[%clk 1:28:24]} Nc6 {[%clk 1:22:31]} 9. Re1
{[%clk 1:24:01]} Nxd4 {[%clk 1:22:40]} 10. Qxd4 {[%clk 1:24:20]} Bd7
{[%clk 1:23:06]} 11. a4 {[%clk 1:21:57]} Qc7 {[%clk 1:20:23]} 12. h3
{[%clk 1:08:04]} a6 {[%clk 1:14:21]} 13. Be3 {[%clk 0:54:31]} Rac8
{[%clk 1:03:38]} 14. Qb4 {[%clk 0:47:25]} Bc6 {[%clk 1:01:07]} 15. Qb3
{[%clk 0:38:49]} Nd7 {[%clk 0:58:20]} 16. Rad1 {[%clk 0:21:25]} Rfe8
{[%clk 0:50:21]} 17. Bf4 {[%clk 0:19:14]} Ne5 {[%clk 0:46:35]} 18. Qb4
{[%clk 0:18:13]} Red8 {[%clk 0:43:11]} 19. g4 {[%clk 0:15:18]} b5
{[%clk 0:35:14]} 20. axb5 {[%clk 0:14:44]} axb5 {[%clk 0:35:39]} 21. Bg3
{[%clk 0:11:43]} Qb7 {[%clk 0:34:31]} 22. Qb3 {[%clk 0:09:44]} Nc4
{[%clk 0:31:25]} 23. Bf1 {[%clk 0:08:08]} Bf8 {[%clk 0:21:13]} 24. Rd4
{[%clk 0:05:51]} Qa7 {[%clk 0:18:44]} 25. Red1 {[%clk 0:05:08]} Na5
{[%clk 0:06:22]} 26. Qa2 {[%clk 0:05:07]} Qb6 {[%clk 0:06:32]} 27. Bxd6
{[%clk 0:04:05]} Bxd6 {[%clk 0:06:44]} 28. Rxd6 {[%clk 0:04:28]} Rxd6
{[%clk 0:06:58]} 29. Rxd6 {[%clk 0:04:51]} b4 {[%clk 0:07:07]} 30. Nb5
{[%clk 0:04:15]} b3 {[%clk 0:03:19]} 31. cxb3 {[%clk 0:02:23]} Nb7
{[%clk 0:03:44]} 32. Rxc6 {[%clk 0:00:34]} Qxc6 {[%clk 0:03:44]} 33. Na7
{[%clk 0:00:35]} Ra8 {[%clk 0:04:08]} 34. Nxc6 {[%clk 0:00:37]} Rxa2
{[%clk 0:04:32]} 35. b4 {[%clk 0:00:55]} Rxb2 {[%clk 0:03:55]} 36. e5
{[%clk 0:01:06]} Rb1 {[%clk 0:03:22]} 37. Kg2 {[%clk 0:01:08]} Rc1
{[%clk 0:03:33]} 38. Bb5 {[%clk 0:01:00]} f6 {[%clk 0:01:21]} 39. Kf3
{[%clk 0:01:01]} fxe5 {[%clk 0:01:34]} 40. Nxe5 {[%clk 0:00:59]} Kf8
{[%clk 0:01:24]} 41. Bd3 {[%clk 0:00:57]} h6 {[%clk 0:01:09]} 42. Ke3
{[%clk 0:00:47]} Ke7 {[%clk 0:00:50]} 43. h4 {[%clk 0:00:54]} Nd8
{[%clk 0:00:47]} 44. b5 {[%clk 0:00:55]} Kd6 {[%clk 0:00:43]} 45. Kd4
{[%clk 0:00:42]} Nb7 {[%clk 0:00:39]} 46. Nc4+ {[%clk 0:00:50]} Ke7
{[%clk 0:00:46]} 47. b6 {[%clk 0:00:52]} Rd1 {[%clk 0:00:42]} 48. Nb2
{[%clk 0:00:35]} Rd2 {[%clk 0:01:06]} 49. Kc3 {[%clk 0:00:49]} Rxf2
{[%clk 0:01:31]} 50. Be4 {[%clk 0:00:59]} Nd6 {[%clk 0:01:54]} 51. Bc6
{[%clk 0:01:07]} Rf4 {[%clk 0:02:05]} 52. g5 {[%clk 0:01:06]} Rxh4
{[%clk 0:02:28]} 53. b7 {[%clk 0:00:44]} Nxb7 {[%clk 0:02:46]} 54. Bxb7
{[%clk 0:01:11]} h5 {[%clk 0:02:37]} 55. Nd3 {[%clk 0:01:00]} Rg4
{[%clk 0:03:01]} 56. Bf3 {[%clk 0:01:12]} Rxg5 {[%clk 0:03:24]} 57. Kd4
{[%clk 0:01:38]} h4 {[%clk 0:03:20]} 58. Ke3 {[%clk 0:01:47]} Kf6
{[%clk 0:03:33]} 59. Nf2 {[%clk 0:01:58]} Rg1 {[%clk 0:03:34]} 60. Nh3
{[%clk 0:02:01]} Ra1 {[%clk 0:03:29]} 61. Kf4 {[%clk 0:01:20]} Ra4+
{[%clk 0:03:51]} 62. Ke3 {[%clk 0:01:34]} Kf5 {[%clk 0:03:59]} 63. Nf2
{[%clk 0:01:31]} Ra3+ {[%clk 0:04:22]} 64. Nd3 {[%clk 0:01:20]} g5
{[%clk 0:04:38]} 65. Be4+ {[%clk 0:01:38]} Kg4 {[%clk 0:05:01]} 66. Kd4
{[%clk 0:01:56]} Kg3 {[%clk 0:05:04]} 67. Ke5 {[%clk 0:02:04]} Rxd3
{[%clk 0:04:34]} 68. Bxd3 {[%clk 0:02:26]} Kf2 {[%clk 0:04:53]} 69. Be4
{[%clk 0:01:21]} g4 {[%clk 0:05:17]} 70. Kf4 {[%clk 0:01:37]} g3 {[%clk 0:05:40]}
71. Kg4 {[%clk 0:01:48]} g2 {[%clk 0:06:03]} 72. Bxg2 {[%clk 0:02:16]} Kxg2
{[%clk 0:06:27]} 73. Kxh4 {[%clk 0:02:44]} *

[Event "MONTCADA"]
[Site "?"]
[Date "2015.07.01"]
[Round "7.3"]
[White "Sundararajan, K."]
[Black "Peralta, F."]
[Result "1/2-1/2"]
[BlackElo "2556"]
[WhiteElo "2427"]
[LiveChessVersion "1.4.6"]

1. Nf3 d5 2. g3 Nf6 3. Bg2 Bf5 4. O-O e6 5. c4 c6 6. cxd5 exd5 7. d3 Be7 8. Nc3
O-O 9. Nd4 Bg6 10. e4 Nbd7 11. Bf4 dxe4 12. dxe4 Nc5 13. Re1 Qb6 14. Nf5 Bxf5 15.
exf5 Rfd8 16. Qc2 Rd7 17. Rad1 Rxd1 18. Nxd1 Bf8 19. Ne3 Qa5 20. Ra1 Rd8 21. Nc4
Qa6 22. Bf1 b5 23. Ne5 Nd5 24. Bd2 Re8 25. Re1 Bd6 26. b4 Rxe5 27. bxc5 Rxe1 28.
Bxe1 Bf8 29. Bg2 Nf6 30. Bc3 Qa3 31. Bxf6 gxf6 32. Bxc6 Qxc5 33. Qxc5 Bxc5 34.
Bxb5 Kf8 35. Kg2 1/2-1/2

[Event "MONTCADA"]
[Site "?"]
[Date "2015.07.01"]
[Round "7.4"]
[White "Asis Gargatagli, H."]
[Black "Narciso Dublan, M."]
[Result "1/2-1/2"]
[BlackElo "2532"]
[WhiteElo "2472"]
[LiveChessVersion "1.4.6"]

1. e4 {[%clk 1:28:18]} d6 {[%clk 1:30:46]} 2. d4 {[%clk 1:28:11]} Nf6
{[%clk 1:30:59]} 3. Nc3 {[%clk 1:28:36]} g6 {[%clk 1:31:13]} 4. Be3
{[%clk 1:28:55]} a6 {[%clk 1:28:56]} 5. Qd2 {[%clk 1:28:16]} b5 {[%clk 1:29:11]}
6. f3 {[%clk 1:28:41]} Nbd7 {[%clk 1:29:23]} 7. O-O-O {[%clk 1:28:46]} Bb7
{[%clk 1:28:55]} 8. g4 {[%clk 1:27:34]} Nb6 {[%clk 1:24:16]} 9. g5
{[%clk 1:15:05]} Nfd7 {[%clk 1:24:09]} 10. d5 {[%clk 1:15:23]} c5
{[%clk 1:01:34]} 11. dxc6 {[%clk 1:15:02]} Bxc6 {[%clk 1:01:59]} 12. h4
{[%clk 0:57:42]} e6 {[%clk 1:00:03]} 13. Kb1 {[%clk 0:36:27]} Qc7
{[%clk 0:53:58]} 14. h5 {[%clk 0:31:37]} Rg8 {[%clk 0:53:49]} 15. hxg6
{[%clk 0:32:03]} hxg6 {[%clk 0:54:08]} 16. Bd4 {[%clk 0:30:50]} b4
{[%clk 0:34:25]} 17. Nce2 {[%clk 0:30:08]} e5 {[%clk 0:33:46]} 18. Bf2
{[%clk 0:26:23]} d5 {[%clk 0:31:20]} 19. Ng3 {[%clk 0:19:43]} d4 {[%clk 0:27:18]}
20. Nh3 {[%clk 0:17:45]} Bd6 {[%clk 0:20:48]} 21. Bd3 {[%clk 0:18:00]} Nc5
{[%clk 0:18:51]} 22. Ne2 {[%clk 0:13:48]} a5 {[%clk 0:13:23]} 23. Bg3
{[%clk 0:13:34]} O-O-O {[%clk 0:06:18]} 1/2-1/2

[Event "MONTCADA"]
[Site "?"]
[Date "2015.07.01"]
[Round "7.5"]
[White "Thejkumar, M."]
[Black "Swapnil, S."]
[Result "1/2-1/2"]
[BlackElo "2453"]
[WhiteElo "2461"]
[LiveChessVersion "1.4.6"]

1. d4 {[%clk 1:30:56]} Nf6 {[%clk 1:30:54]} 2. Nf3 {[%clk 1:31:11]} d5
{[%clk 1:31:11]} 3. c4 {[%clk 1:31:17]} e6 {[%clk 1:31:37]} 4. Bg5
{[%clk 1:31:17]} dxc4 {[%clk 1:27:27]} 5. e3 {[%clk 1:30:27]} Bb4+
{[%clk 1:09:40]} 6. Nbd2 {[%clk 1:30:26]} c5 {[%clk 1:00:49]} 7. dxc5
{[%clk 1:26:18]} c3 {[%clk 0:48:33]} 8. bxc3 {[%clk 1:26:36]} Bxc5
{[%clk 0:47:48]} 9. Bxf6 {[%clk 1:20:02]} gxf6 {[%clk 0:46:24]} 10. Nd4
{[%clk 1:11:38]} Be7 {[%clk 0:31:09]} 11. Qh5 {[%clk 1:06:10]} h6
{[%clk 0:30:52]} 12. Bc4 {[%clk 1:01:57]} Kf8 {[%clk 0:23:53]} 13. f4
{[%clk 0:51:27]} Nc6 {[%clk 0:24:22]} 14. Nxc6 {[%clk 0:25:49]} bxc6
{[%clk 0:24:49]} 15. Nf3 {[%clk 0:26:08]} Qb6 {[%clk 0:22:30]} 16. Nd4
{[%clk 0:25:37]} Qb2 {[%clk 0:18:36]} 17. O-O {[%clk 0:25:54]} Qxc3
{[%clk 0:17:52]} 18. Qe2 {[%clk 0:26:09]} c5 {[%clk 0:11:59]} 19. Rac1
{[%clk 0:18:04]} Qa3 {[%clk 0:11:59]} 20. Nb5 {[%clk 0:17:13]} Qa5
{[%clk 0:11:27]} 21. f5 {[%clk 0:17:13]} exf5 {[%clk 0:11:00]} 22. e4
{[%clk 0:15:48]} a6 {[%clk 0:06:14]} 23. Nc3 {[%clk 0:16:07]} Bd6
{[%clk 0:06:42]} 24. exf5 {[%clk 0:14:12]} Be5 {[%clk 0:07:11]} 25. Nd5
{[%clk 0:13:35]} Bb7 {[%clk 0:07:04]} 26. Rcd1 {[%clk 0:11:47]} Rh7
{[%clk 0:05:46]} 27. Kh1 Rd8 {[%clk 0:04:43]} 28. Rd3 {[%clk 0:08:09]} Rg7
{[%clk 0:03:22]} 29. Qe3 {[%clk 0:07:23]} Bxd5 {[%clk 0:03:08]} 30. Rxd5
{[%clk 0:07:25]} Rxd5 {[%clk 0:03:32]} 31. Bxd5 {[%clk 0:07:49]} Qc3
{[%clk 0:03:02]} 32. Qe2 {[%clk 0:07:20]} Qd4 {[%clk 0:01:01]} 33. Be4
{[%clk 0:06:58]} Rg5 {[%clk 0:00:43]} 34. Rd1 {[%clk 0:05:53]} Qb2
{[%clk 0:01:02]} 35. Qxb2 {[%clk 0:01:14]} Bxb2 {[%clk 0:01:30]} 36. Rd8+
{[%clk 0:01:15]} Ke7 {[%clk 0:01:07]} 37. Rb8 {[%clk 0:01:25]} Rg4
{[%clk 0:00:55]} 38. Bf3 {[%clk 0:01:22]} Rb4 {[%clk 0:00:42]} 39. Rxb4
{[%clk 0:00:49]} cxb4 {[%clk 0:01:11]} 40. Bd5 {[%clk 0:01:01]} a5
{[%clk 0:00:58]} 41. Bb3 {[%clk 0:00:55]} Kd6 {[%clk 0:01:00]} 42. g4
{[%clk 0:00:52]} Kc5 {[%clk 0:01:01]} 43. Kg2 {[%clk 0:00:58]} Be5
{[%clk 0:00:38]} 44. h4 {[%clk 0:01:14]} Kb5 {[%clk 0:00:43]} 45. Kf3
{[%clk 0:01:33]} a4 {[%clk 0:01:05]} 46. Bxf7 {[%clk 0:01:57]} b3
{[%clk 0:00:43]} 47. axb3 {[%clk 0:02:22]} a3 {[%clk 0:01:12]} 48. b4
{[%clk 0:02:46]} Kxb4 {[%clk 0:01:25]} 49. Ke4 {[%clk 0:02:35]} Bg3
{[%clk 0:01:30]} 50. g5 {[%clk 0:02:54]} fxg5 {[%clk 0:01:51]} 51. hxg5
{[%clk 0:03:19]} hxg5 {[%clk 0:02:19]} 52. f6 {[%clk 0:03:34]} Kc3
{[%clk 0:01:30]} 53. Kf5 {[%clk 0:03:55]} Bf4 {[%clk 0:01:42]} 54. Be6
{[%clk 0:04:11]} Kb2 {[%clk 0:01:55]} 55. f7 {[%clk 0:04:29]} Bd6
{[%clk 0:02:20]} 56. Kxg5 {[%clk 0:04:52]} a2 {[%clk 0:02:48]} 57. Bxa2 Kxa2
1/2-1/2

[Event "MONTCADA"]
[Site "?"]
[Date "2015.07.01"]
[Round "7.6"]
[White "Cruz, F."]
[Black "Grigoryan, K."]
[Result "0-1"]
[BlackElo "2590"]
[WhiteElo "2400"]
[LiveChessVersion "1.4.6"]

1. c4 {[%clk 1:27:15]} e5 {[%clk 1:30:36]} 2. Nc3 {[%clk 1:26:41]} Nf6
{[%clk 1:30:40]} 3. g3 {[%clk 1:25:58]} d5 {[%clk 1:30:47]} 4. cxd5
{[%clk 1:26:15]} Nxd5 {[%clk 1:31:12]} 5. Bg2 {[%clk 1:26:34]} Nb6
{[%clk 1:31:38]} 6. Nf3 {[%clk 1:26:44]} Nc6 {[%clk 1:32:02]} 7. O-O
{[%clk 1:27:04]} Be7 {[%clk 1:31:48]} 8. d3 {[%clk 1:26:43]} O-O {[%clk 1:32:05]}
9. a3 {[%clk 1:25:05]} Be6 {[%clk 1:29:52]} 10. b4 {[%clk 1:25:08]} f6
{[%clk 1:30:09]} 11. Bb2 {[%clk 1:25:07]} Qd7 {[%clk 1:29:29]} 12. Ne4
{[%clk 1:17:28]} Rfd8 {[%clk 1:27:22]} 13. Rc1 {[%clk 1:16:30]} a5
{[%clk 1:20:58]} 14. b5 {[%clk 1:09:33]} Na7 {[%clk 1:20:46]} 15. a4
{[%clk 1:08:12]} c6 {[%clk 1:19:47]} 16. bxc6 {[%clk 1:04:03]} Nxc6
{[%clk 1:19:41]} 17. Nc3 {[%clk 1:04:13]} Nb4 {[%clk 1:15:09]} 18. Nd2
{[%clk 1:02:18]} Rac8 {[%clk 1:12:29]} 19. Ra1 {[%clk 1:01:47]} f5
{[%clk 1:01:38]} 20. Nf3 {[%clk 0:48:07]} e4 {[%clk 0:58:54]} 21. dxe4
{[%clk 0:47:49]} Nc4 {[%clk 0:58:44]} 22. Qb1 {[%clk 0:47:31]} fxe4
{[%clk 0:51:40]} 23. Nxe4 {[%clk 0:47:38]} Bf5 {[%clk 0:50:23]} 24. Ne5
{[%clk 0:43:36]} Qe6 {[%clk 0:49:23]} 25. Nxc4 {[%clk 0:41:44]} Rxc4
{[%clk 0:49:33]} 26. f3 {[%clk 0:41:56]} Nc2 {[%clk 0:47:23]} 27. Nf2
{[%clk 0:37:24]} Ne3 {[%clk 0:45:00]} 28. Qa2 {[%clk 0:35:37]} Rd2
{[%clk 0:42:50]} 29. g4 {[%clk 0:33:29]} Rcc2 {[%clk 0:41:02]} 30. Qxe6+
{[%clk 0:28:38]} Bxe6 {[%clk 0:41:27]} 31. Bc1 {[%clk 0:28:50]} Nxf1
{[%clk 0:41:32]} 32. Bxf1 {[%clk 0:29:05]} Rd7 {[%clk 0:39:00]} 0-1

[Event "MONTCADA"]
[Site "?"]
[Date "2015.07.01"]
[Round "7.7"]
[White "Lopez Martinez, J."]
[Black "Konguvel, P."]
[Result "1-0"]
[BlackElo "2357"]
[WhiteElo "2536"]
[LiveChessVersion "1.4.6"]

1. d4 {[%clk 1:28:09]} Nf6 {[%clk 1:30:31]} 2. c4 {[%clk 1:28:04]} g6
{[%clk 1:30:44]} 3. Nc3 {[%clk 1:28:27]} Bg7 {[%clk 1:30:46]} 4. e4
{[%clk 1:28:40]} d6 {[%clk 1:31:11]} 5. Be2 {[%clk 1:28:43]} O-O {[%clk 1:31:24]}
6. Be3 {[%clk 1:28:48]} e5 {[%clk 1:25:41]} 7. d5 {[%clk 1:28:06]} Nbd7
{[%clk 1:22:23]} 8. g4 {[%clk 1:25:46]} Nc5 {[%clk 1:20:11]} 9. Bf3
{[%clk 1:24:30]} a5 {[%clk 1:17:10]} 10. h4 {[%clk 1:20:30]} Qd7 {[%clk 1:13:53]}
11. g5 {[%clk 1:18:31]} Ng4 {[%clk 1:13:52]} 12. Bxc5 {[%clk 1:11:19]} dxc5
{[%clk 1:14:09]} 13. Qe2 {[%clk 1:01:39]} f6 {[%clk 0:53:46]} 14. Nh3
{[%clk 1:00:40]} h5 {[%clk 0:48:21]} 15. Bg2 {[%clk 0:58:54]} f5 {[%clk 0:46:23]}
16. O-O-O {[%clk 0:56:52]} f4 {[%clk 0:44:00]} 17. Ng1 {[%clk 0:55:18]} Ra6
{[%clk 0:33:37]} 18. Nf3 {[%clk 0:54:42]} Qf7 {[%clk 0:33:34]} 19. Kb1
{[%clk 0:53:05]} Bd7 {[%clk 0:34:00]} 20. Ne1 {[%clk 0:46:00]} a4
{[%clk 0:28:59]} 21. Rd3 {[%clk 0:44:17]} a3 {[%clk 0:18:28]} 22. b3
{[%clk 0:44:23]} Rb8 {[%clk 0:18:44]} 23. Nb5 {[%clk 0:42:01]} c6
{[%clk 0:15:02]} 24. dxc6 {[%clk 0:40:24]} bxc6 {[%clk 0:14:01]} 25. Nd6
{[%clk 0:30:00]} Qe7 {[%clk 0:11:58]} 26. Nf3 {[%clk 0:29:40]} Be6
{[%clk 0:12:09]} 27. Rhd1 {[%clk 0:29:21]} Ra7 {[%clk 0:12:05]} 28. R1d2
{[%clk 0:24:47]} Rd7 {[%clk 0:12:16]} 29. Qd1 {[%clk 0:25:00]} Rbd8
{[%clk 0:11:59]} 30. Nc8 {[%clk 0:23:20]} Qe8 {[%clk 0:10:30]} 31. Rxd7
{[%clk 0:22:46]} Rxd7 {[%clk 0:10:47]} 32. Rxd7 {[%clk 0:22:33]} Qxd7
{[%clk 0:10:06]} 33. Qxd7 {[%clk 0:22:50]} Bxd7 {[%clk 0:10:35]} 34. Nb6
{[%clk 0:23:12]} Be8 {[%clk 0:06:51]} 35. Kc2 {[%clk 0:22:06]} Nxf2
{[%clk 0:07:04]} 36. Ne1 {[%clk 0:21:16]} Bf8 {[%clk 0:04:25]} 37. Kd2
{[%clk 0:20:57]} Be7 {[%clk 0:04:23]} 38. Ke2 {[%clk 0:20:36]} Ng4
{[%clk 0:04:49]} 39. Nc2 {[%clk 0:19:18]} Kf7 {[%clk 0:03:22]} 40. Nxa3
{[%clk 0:17:45]} Ke6 {[%clk 0:01:32]} 41. Nc2 {[%clk 0:11:29]} Bd8
{[%clk 0:01:56]} 42. Na4 {[%clk 0:11:38]} Kd6 {[%clk 0:02:22]} 43. Ne1
{[%clk 0:11:16]} Ba5 {[%clk 0:01:44]} 44. Nd3 {[%clk 0:11:21]} Bb4
{[%clk 0:01:59]} 45. Nxb4 {[%clk 0:10:26]} cxb4 {[%clk 0:02:28]} 46. c5+
{[%clk 0:10:15]} Ke7 {[%clk 0:00:47]} 47. Nb2 {[%clk 0:10:27]} Ne3
{[%clk 0:01:08]} 48. Bh3 {[%clk 0:07:01]} Bd7 {[%clk 0:01:36]} 49. Bxd7
{[%clk 0:07:23]} Kxd7 {[%clk 0:02:06]} 50. Nd3 {[%clk 0:07:45]} Ke6
{[%clk 0:01:44]} 51. Nxb4 {[%clk 0:08:06]} Ng2 {[%clk 0:01:59]} 52. Nxc6
{[%clk 0:07:39]} Nxh4 {[%clk 0:02:21]} 53. b4 {[%clk 0:07:55]} Ng2
{[%clk 0:02:17]} 54. b5 {[%clk 0:07:57]} h4 {[%clk 0:01:53]} 55. b6
{[%clk 0:08:15]} h3 {[%clk 0:01:50]} 56. b7 {[%clk 0:08:33]} 1-0

[Event "MONTCADA"]
[Site "?"]
[Date "2015.07.01"]
[Round "7.8"]
[White "Perpinya Rofes, L."]
[Black "Cruz, J."]
[Result "1-0"]
[BlackElo "2453"]
[WhiteElo "2398"]
[LiveChessVersion "1.4.6"]

1. e4 {[%clk 1:24:47]} e5 {[%clk 1:27:51]} 2. Nf3 {[%clk 1:24:50]} Nc6
{[%clk 1:28:17]} 3. Bb5 {[%clk 1:25:10]} a6 {[%clk 1:28:29]} 4. Ba4
{[%clk 1:25:26]} Nf6 {[%clk 1:28:49]} 5. O-O {[%clk 1:25:42]} Be7
{[%clk 1:29:07]} 6. Re1 {[%clk 1:25:59]} b5 {[%clk 1:29:28]} 7. Bb3
{[%clk 1:26:23]} O-O {[%clk 1:26:48]} 8. c3 {[%clk 1:26:21]} d6 {[%clk 1:26:50]}
9. h3 {[%clk 1:26:33]} Nb8 {[%clk 1:25:59]} 10. d4 {[%clk 1:26:42]} Nbd7
{[%clk 1:26:04]} 11. c4 {[%clk 1:26:45]} c6 {[%clk 1:16:34]} 12. Nc3
{[%clk 1:27:02]} Bb7 {[%clk 1:14:27]} 13. c5 {[%clk 1:21:52]} Qc7
{[%clk 0:56:46]} 14. cxd6 {[%clk 1:19:56]} Bxd6 {[%clk 0:57:12]} 15. Bg5
{[%clk 1:18:10]} exd4 {[%clk 0:56:20]} 16. e5 {[%clk 1:15:02]} Nxe5
{[%clk 0:46:23]} 17. Bxf6 {[%clk 1:10:24]} gxf6 {[%clk 0:39:13]} 18. Nxd4
{[%clk 0:56:58]} Ng6 {[%clk 0:37:42]} 19. Nf5 {[%clk 0:46:49]} Bh2+
{[%clk 0:26:36]} 20. Kh1 {[%clk 0:44:35]} c5 {[%clk 0:25:24]} 21. Nd5
{[%clk 0:24:49]} Bxd5 {[%clk 0:14:45]} 22. Bxd5 {[%clk 0:23:56]} Rae8
{[%clk 0:12:43]} 23. g3 Rd8 1-0

[Event "MONTCADA"]
[Site "?"]
[Date "2015.07.01"]
[Round "7.9"]
[White "Gurevich, D."]
[Black "Akbarinia, S."]
[Result "1/2-1/2"]
[BlackElo "2413"]
[WhiteElo "2368"]
[LiveChessVersion "1.4.6"]

1. d4 {[%clk 1:30:59]} d5 {[%clk 1:30:53]} 2. c4 {[%clk 1:31:25]} dxc4
{[%clk 1:31:16]} 3. Nf3 {[%clk 1:31:25]} Nf6 {[%clk 1:31:25]} 4. e3
{[%clk 1:31:17]} e6 {[%clk 1:31:34]} 5. Bxc4 {[%clk 1:30:47]} c5 {[%clk 1:31:32]}
6. O-O {[%clk 1:30:53]} a6 {[%clk 1:31:40]} 7. dxc5 {[%clk 1:29:50]} Qxd1
{[%clk 1:31:40]} 8. Rxd1 {[%clk 1:30:12]} Bxc5 {[%clk 1:32:05]} 9. Nbd2
{[%clk 1:28:28]} b5 {[%clk 1:23:47]} 10. Be2 {[%clk 1:28:33]} Bb7
{[%clk 1:24:10]} 11. Nb3 {[%clk 1:19:39]} Bb6 {[%clk 1:07:30]} 12. Bd2
{[%clk 1:18:17]} Bd5 {[%clk 0:59:56]} 13. Rac1 {[%clk 1:07:39]} O-O
{[%clk 0:58:55]} 14. Bb4 {[%clk 1:06:09]} Re8 {[%clk 0:59:07]} 15. Ne5
{[%clk 1:01:13]} Ra7 {[%clk 0:53:25]} 16. Rd2 {[%clk 0:46:16]} Rc7
{[%clk 0:46:15]} 17. Rdc2 {[%clk 0:41:21]} Rec8 {[%clk 0:41:03]} 18. Rxc7
{[%clk 0:40:04]} Rxc7 {[%clk 0:41:28]} 19. Rxc7 {[%clk 0:40:13]} Bxc7
{[%clk 0:41:52]} 20. Nd3 {[%clk 0:40:07]} Nc6 {[%clk 0:41:22]} 21. Bc3
{[%clk 0:34:54]} Ne4 {[%clk 0:29:40]} 22. Be1 {[%clk 0:28:23]} Bb6
{[%clk 0:19:41]} 23. Kf1 {[%clk 0:27:35]} e5 {[%clk 0:19:23]} 24. Nb4
{[%clk 0:23:18]} Nxb4 {[%clk 0:19:08]} 25. Bxb4 {[%clk 0:23:46]} Bxb3
{[%clk 0:16:35]} 26. axb3 {[%clk 0:24:14]} a5 {[%clk 0:16:55]} 27. Be1
{[%clk 0:22:51]} b4 {[%clk 0:17:17]} 28. Bc4 {[%clk 0:22:19]} Kf8
{[%clk 0:16:52]} 29. Ke2 {[%clk 0:21:09]} Nd6 {[%clk 0:16:52]} 30. Bd5
{[%clk 0:20:55]} Ke7 {[%clk 0:17:14]} 31. f3 {[%clk 0:20:22]} f6 {[%clk 0:15:42]}
32. g4 {[%clk 0:19:18]} g5 {[%clk 0:15:07]} 33. h4 {[%clk 0:19:38]} h6
{[%clk 0:15:36]} 34. Kd3 {[%clk 0:19:03]} f5 {[%clk 0:15:29]} 35. hxg5
{[%clk 0:17:42]} hxg5 {[%clk 0:15:54]} 36. gxf5 {[%clk 0:17:50]} Nxf5
{[%clk 0:16:22]} 37. Bf2 {[%clk 0:17:50]} Kf6 {[%clk 0:15:36]} 38. Bc6
{[%clk 0:17:08]} Nd6 {[%clk 0:15:58]} 39. Bd7 {[%clk 0:17:02]} Ba7
{[%clk 0:15:11]} 40. Bg3 {[%clk 0:16:52]} Bb6 {[%clk 0:15:28]} 41. Bh2
{[%clk 0:17:06]} Ba7 {[%clk 0:15:34]} 42. Bc6 {[%clk 0:14:08]} Kf5
{[%clk 0:15:59]} 43. Bd7+ {[%clk 0:13:31]} 1/2-1/2